000 00428nam a2200145Ia 4500
003 OSt
005 20260122122827.0
008 211028s2016 xx 000 0 und d
040 _cAIMIT LIBRARY
041 _aeng
100 _aRodrigues, Nathasha;Pereira, Divya.
_g1316093
_97365
245 _aStudy on the performance management system at BASF India limited /
260 _aMangalore
_bDivya Pereira.
_c2016
942 _2ddc
_cPRO
999 _c218935
_d218935